[Event "Agen_2017-Accession"]
[Site "Agen"]
[Date "2017.08.19"]
[Round "4.16"]
[White "Valuet, Bertrand"]
[Black "Trouve, Guillaume"]
[Result "0-1"]
[WhiteElo "2310"]
[BlackElo "2214"]
[PlyCount "122"]
[EventDate "2017.08.??"]
[EventType "swiss"]
[EventRounds "9"]
[EventCountry "FRA"]
[WhiteTeam "La tour de Juvisy"]
[BlackTeam "Mulhouse Philidor"]

1. e4 c5 2. Nf3 d6 3. d4 cxd4 4. Nxd4 Nf6 5. Nc3 e6 6. Be3 Nc6 7. Bc4 Be7 8.
Qe2 a6 9. O-O-O Qc7 10. Bb3 Na5 11. Kb1 b5 12. Bc1 Bb7 13. Bxe6 fxe6 14. Nxe6
Qc4 15. Qxc4 Nxc4 16. b3 Ne5 17. Nc7+ Kf7 18. Nxa8 Rxa8 19. f3 Rc8 20. Ne2 d5
21. Bb2 Ng6 22. e5 Nd7 23. f4 Nh4 24. Nd4 Nc5 25. g3 Ng6 26. e6+ Kg8 27. Nf5
Nxe6 28. Rhe1 Kf7 29. Ne3 Nc7 30. Ng4 Bf6 31. Bxf6 gxf6 32. Nh6+ Kf8 33. Nf5
Rd8 34. Kb2 Bc8 35. Nd4 Kf7 36. Kc3 Bg4 37. Rd3 Ne8 38. Kb4 Nd6 39. Ka5 Ne4 40.
Nc6 Rd6 41. Nd4 Nf8 42. a4 bxa4 43. b4 Nd7 44. Kxa4 Nb6+ 45. Kb3 Nc4 46. Ka2
Rb6 47. c3 Nf2 48. Rde3 Nxe3 49. Rxe3 Rb7 50. Kb3 Bd1+ 51. Ka3 Re7 52. Rxe7+
Kxe7 53. b5 axb5 54. Nxb5 Be2 55. Nd4 Bc4 56. Kb4 Ng4 57. h3 Nf2 58. h4 Ne4 59.
g4 Nf2 60. Nf5+ Ke6 61. Ne3 Nd3+ 0-1

[Event "Agen_2017-Accession"]
[Site "Agen"]
[Date "2017.08.19"]
[Round "4.18"]
[White "Gatineau, Yovann"]
[Black "Guignier, Nicolas"]
[Result "1-0"]
[WhiteElo "2281"]
[BlackElo "2212"]
[PlyCount "51"]
[EventDate "2017.08.??"]
[EventType "swiss"]
[EventRounds "9"]
[EventCountry "FRA"]
[WhiteTeam "Mulhouse Philidor"]
[BlackTeam "Avinkha Club d'Echecs"]

1. d4 d5 2. c4 Nc6 3. Nc3 dxc4 4. Nf3 Bg4 5. d5 Bxf3 6. gxf3 Ne5 7. f4 Nd7 8.
e4 e6 9. Bxc4 e5 10. Qb3 Bd6 11. fxe5 Nxe5 12. Be2 Rb8 13. Be3 b6 14. O-O-O Nf6
15. f4 Neg4 16. Qa4+ Kf8 17. Bd2 b5 18. Nxb5 Qe8 19. e5 Nf2 20. exd6 cxd6 21.
Qxa7 Rc8+ 22. Kb1 Qxe2 23. Nxd6 Qd3+ 24. Ka1 Qxd5 25. Nxc8 Nxd1 26. Qa3+ 1-0

[Event "Agen_2017-Accession"]
[Site "Agen"]
[Date "2017.08.19"]
[Round "4.19"]
[White "Micottis, Dorian"]
[Black "Lallement, Victor"]
[Result "1-0"]
[WhiteElo "2271"]
[BlackElo "2200"]
[PlyCount "95"]
[EventDate "2017.08.??"]
[EventType "swiss"]
[EventRounds "9"]
[EventCountry "FRA"]
[WhiteTeam "Club d'Echecs Metz Fischer"]
[BlackTeam "Echiquier Centre Vaucluse "]

1. e4 c5 2. Nf3 Nc6 3. Bb5 e5 4. O-O Bd6 5. Bc4 Nge7 6. Ng5 Rf8 7. Qf3 Qc7 8.
c3 Nd8 9. Nxh7 Rh8 10. Ng5 f6 11. Nh3 b6 12. Qg3 g5 13. f3 Ne6 14. d3 Bb7 15.
a4 a6 16. Na3 O-O-O 17. Qe1 Nf4 18. Bxf4 gxf4 19. Nf2 f5 20. b4 Rh7 21. Qb1
Rdh8 22. h3 Rg7 23. Ra2 Rh5 24. a5 b5 25. Bxb5 axb5 26. Nxb5 Qb8 27. a6 Ba8 28.
Nxd6+ Qxd6 29. b5 Qb6 30. c4 Rhg5 31. Nd1 Rg3 32. Nc3 Rxh3 33. Kf2 Rh2 34. Rg1
fxe4 35. dxe4 Qd6 36. b6 Qd4+ 37. Kf1 Qxc4+ 38. Ne2 Nc6 39. b7+ Bxb7 40. axb7+
Kc7 41. b8=Q+ Nxb8 42. Ra7+ Kd6 43. Qxb8+ Ke6 44. Qb6+ Ke7 45. Rxd7+ Kxd7 46.
Qb7+ Kd6 47. Qxg7 Qb3 48. Qf8+ 1-0

[Event "Agen_2017-Accession"]
[Site "Agen"]
[Date "2017.08.19"]
[Round "4.20"]
[White "Devallee, Jeremie"]
[Black "Roselle, Tristan"]
[Result "0-1"]
[WhiteElo "2258"]
[BlackElo "2134"]
[PlyCount "60"]
[EventDate "2017.08.??"]
[EventType "swiss"]
[EventRounds "9"]
[EventCountry "FRA"]
[WhiteTeam "Chartres Metropole Echecs"]
[BlackTeam "AGJA-Echiquier Aquitaine"]

1. e4 e5 2. Nf3 Nc6 3. Bc4 Bc5 4. O-O Nf6 5. d4 exd4 6. e5 d5 7. exf6 dxc4 8.
fxg7 Rg8 9. Re1+ Be6 10. Bg5 Be7 11. Bxe7 Qxe7 12. Nxd4 Rd8 13. c3 Nxd4 14.
cxd4 Rxg7 15. Qa4+ Kf8 16. Qxa7 Rxg2+ 17. Kxg2 Qg5+ 18. Kf1 Bh3+ 19. Ke2 Re8+
20. Kd1 Bg4+ 21. Kc2 Rxe1 22. Qc5+ Qxc5 23. dxc5 Bf5+ 24. Kc3 Rxb1 25. Rxb1
Bxb1 26. a4 Ba2 27. Kb4 Ke7 28. Kb5 Kd7 29. c6+ Kc8 30. a5 Kb8 0-1

[Event "Agen_2017-Accession"]
[Site "Agen"]
[Date "2017.08.19"]
[Round "4.21"]
[White "Pottier, Simeon"]
[Black "Vidal, Llewellyn"]
[Result "1/2-1/2"]
[WhiteElo "2006"]
[BlackElo "2247"]
[PlyCount "118"]
[EventDate "2017.08.??"]
[EventType "swiss"]
[EventRounds "9"]
[EventCountry "FRA"]
[WhiteTeam "Rois et Dames des Trois Cites"]
[BlackTeam "Echecs Club Montpellier"]

1. d4 d5 2. c4 c6 3. Nc3 Nf6 4. Nf3 dxc4 5. a4 Bf5 6. e3 e6 7. Bxc4 Bb4 8. O-O
O-O 9. Qe2 Bg4 10. h3 Bh5 11. Rd1 Qe7 12. e4 Nbd7 13. e5 Nd5 14. Ne4 f6 15.
exf6 N7xf6 16. Ng3 Rae8 17. Nxh5 Nxh5 18. g3 Bd6 19. Ne5 Nhf6 20. Bg5 Qc7 21.
Rac1 Nd7 22. Nxd7 Qxd7 23. Qg4 Qf7 24. Rd2 Qf5 25. Re2 Qxg4 26. hxg4 Kf7 27.
Bd2 h6 28. Rce1 Kf6 29. Kg2 Re7 30. f4 Kf7 31. a5 Rfe8 32. Kf3 a6 33. Kg2 Rc8
34. b4 Rce8 35. Rb1 Rh8 36. Ree1 Ree8 37. Rh1 Re7 38. Rhe1 Rb8 39. Kf3 Ke8 40.
Bd3 Kf7 41. Rh1 Rd7 42. Bc4 Be7 43. g5 hxg5 44. fxg5 Rf8 45. Kg2 Bd6 46. Rhf1+
Ke8 47. Rxf8+ Kxf8 48. Be2 Re7 49. Bg4 Ke8 50. g6 Kd8 51. Bg5 Nf6 52. Bh3 e5
53. dxe5 Rxe5 54. Bxf6+ gxf6 55. Rd1 Ke7 56. Rd4 c5 57. bxc5 Rxc5 58. g7 Rg5
59. Rg4 Kf7 1/2-1/2

[Event "Agen_2017-Accession"]
[Site "Agen"]
[Date "2017.08.19"]
[Round "4.22"]
[White "Tomasi, Albert"]
[Black "Le Ruyet, Leopold"]
[Result "0-1"]
[WhiteElo "2229"]
[BlackElo "2317"]
[PlyCount "64"]
[EventDate "2017.08.??"]
[EventType "swiss"]
[EventRounds "9"]
[EventCountry "FRA"]
[WhiteTeam "Echecs-Club Ajaccien"]
[BlackTeam "Echiquier de l'Erdre"]

1. e4 g6 2. d4 Bg7 3. Nc3 d6 4. Be3 a6 5. a4 b6 6. h4 Nf6 7. f3 h5 8. Nh3 Bb7
9. Ng5 e6 10. Qd2 Nbd7 11. O-O-O b5 12. axb5 axb5 13. Bxb5 Ra1+ 14. Nb1 Qa8 15.
c3 Bc6 16. Bxc6 Qxc6 17. d5 exd5 18. exd5 Qb7 19. Bd4 O-O 20. g4 Qxd5 21. gxh5
Nxh5 22. Bxg7 Qa2 23. Qc2 Kxg7 24. b4 Qa3+ 25. Qb2 Qa7 26. c4+ Ne5 27. Rhe1 Kg8
28. Re4 Ng3 29. c5 Nxe4 30. Nxe4 Nc4 31. Nf6+ Kh8 32. Qc3 Qa3+ 0-1

[Event "Agen_2017-Accession"]
[Site "Agen"]
[Date "2017.08.19"]
[Round "4.23"]
[White "Aumont, Alexandre"]
[Black "Pigeat, Alexandre"]
[Result "1/2-1/2"]
[WhiteElo "2205"]
[BlackElo "2286"]
[PlyCount "96"]
[EventDate "2017.08.??"]
[EventType "swiss"]
[EventRounds "9"]
[EventCountry "FRA"]
[WhiteTeam "La Cavale du Fou"]
[BlackTeam "Esbarres Bonnencontre Echecs"]

1. e4 e6 2. d4 d5 3. Nd2 c5 4. exd5 Qxd5 5. Ngf3 cxd4 6. Bc4 Qd7 7. O-O Nc6 8.
Nb3 a6 9. Nbxd4 Nxd4 10. Qxd4 Qxd4 11. Nxd4 Bd7 12. Bf4 Bc5 13. Rad1 Ne7 14.
Rfe1 Rc8 15. Bb3 Ng6 16. Bg3 O-O 17. h4 h5 18. Nf3 Bc6 19. Ng5 Rcd8 20. c3 Be7
21. Bc2 Bxg5 22. hxg5 Bd5 23. Bxg6 fxg6 24. b3 b5 25. Rd4 Rc8 26. Rc1 Rf5 27.
f4 Bb7 28. c4 e5 29. fxe5 Rxg5 30. Kh2 Kh7 31. Re1 bxc4 32. bxc4 Re8 33. Rb1
Ba8 34. Rb6 a5 35. Ra6 Rf5 36. Rxa5 g5 37. Be1 Rfxe5 38. Rxe5 Rxe5 39. Bf2 Re2
40. Kg1 Rxa2 41. Rd7 h4 42. Ra7 Rxa7 43. Bxa7 Kg6 44. Kh2 Kh5 45. Bb8 Kg4 46.
g3 Kf3 47. c5 g6 48. Bc7 Bc6 1/2-1/2

[Event "Agen_2017-Accession"]
[Site "Agen"]
[Date "2017.08.19"]
[Round "4.24"]
[White "Meunier, Clement"]
[Black "Girardon, Jerome"]
[Result "0-1"]
[WhiteElo "2269"]
[BlackElo "2160"]
[PlyCount "80"]
[EventDate "2017.08.??"]
[EventType "swiss"]
[EventRounds "9"]
[EventCountry "FRA"]
[WhiteTeam "Echiquier Orangeois"]
[BlackTeam "Gueugnon Echecs"]

1. e4 c5 2. Nc3 g6 3. g3 Bg7 4. Bg2 Nc6 5. d3 Rb8 6. a4 a6 7. Be3 d6 8. Qd2 b5
9. axb5 axb5 10. f4 b4 11. Nd1 Nd4 12. Nf3 Nh6 13. h3 f5 14. Ng5 Qb6 15. O-O b3
16. c3 Nc2 17. Rb1 O-O 18. exf5 Nxf5 19. Bd5+ Kh8 20. g4 Nfxe3 21. Nxe3 c4 22.
d4 Nxd4 23. Kh2 e6 24. Bxc4 d5 25. Bd3 Qc7 26. cxd4 Rxf4 27. Kg2 Bxd4 28. Nxd5
Bb7 29. Rxf4 Bxd5+ 30. Be4 Qc2 31. Nf3 Be3 32. Qxc2 bxc2 33. Bxc2 Bxf4 34. b4
Bd6 35. b5 e5 36. b6 Rf8 37. Bd1 e4 38. Nd4 Bb7 39. Ne2 e3+ 40. Kg1 Rf2 0-1

[Event "Agen_2017-Accession"]
[Site "Agen"]
[Date "2017.08.19"]
[Round "4.25"]
[White "Mancini, Mario"]
[Black "Touzane, Olivier"]
[Result "1/2-1/2"]
[WhiteElo "2199"]
[BlackElo "2264"]
[PlyCount "113"]
[EventDate "2017.08.??"]
[EventType "swiss"]
[EventRounds "9"]
[EventCountry "FRA"]
[WhiteTeam "Cercle d'Echecs de Villepinte"]
[BlackTeam "Echecs Club Montpellier"]

1. d4 d5 2. c4 e6 3. Nc3 Be7 4. Nf3 Nf6 5. Bg5 h6 6. Bh4 O-O 7. e3 Ne4 8. Bxe7
Qxe7 9. Qc2 Nxc3 10. Qxc3 c6 11. Bd3 dxc4 12. Bxc4 b6 13. O-O Bb7 14. Be2 c5
15. dxc5 Rc8 16. b4 bxc5 17. b5 Nd7 18. a4 a6 19. bxa6 Bxa6 20. Bxa6 Rxa6 21.
a5 c4 22. Nd2 Rc5 23. h3 Qd8 24. Ne4 Rcxa5 25. Rxa5 Rxa5 26. Qxc4 Qa8 27. Rc1
Ra1 28. Rxa1 Qxa1+ 29. Qf1 Qe5 30. Qd3 Qa1+ 31. Qf1 Qa5 32. Qc4 Nb6 33. Qc3 Qa4
34. Qd3 Nd5 35. g3 Qa1+ 36. Kg2 Qa8 37. Kg1 Qc6 38. Qd4 Qc2 39. g4 Qc6 40. Qc5
Qa8 41. Nd6 g5 42. Qc8+ Qxc8 43. Nxc8 Kg7 44. Nd6 Kg6 45. Kg2 f6 46. Ne4 h5 47.
Nc5 hxg4 48. hxg4 Kf7 49. Kf3 Nc3 50. Ne4 Nb5 51. Kg3 e5 52. f4 gxf4+ 53. exf4
exf4+ 54. Kxf4 Kg6 55. Nxf6 Kxf6 56. g5+ Kg6 57. Ke5 1/2-1/2

[Event "Agen_2017-Accession"]
[Site "Agen"]
[Date "2017.08.19"]
[Round "4.26"]
[White "Flachet, Thierry"]
[Black "Camus, Berenger"]
[Result "1/2-1/2"]
[WhiteElo "2104"]
[BlackElo "2248"]
[PlyCount "73"]
[EventDate "2017.08.??"]
[EventType "swiss"]
[EventRounds "9"]
[EventCountry "FRA"]
[WhiteTeam "Cercle d'échecs des Sables d'Olonne"]
[BlackTeam "Reims Echec et Mat"]

1. Nf3 d5 2. d4 Nf6 3. g3 e6 4. Bg2 Be7 5. O-O O-O 6. c4 Nbd7 7. Qc2 a6 8. Rd1
dxc4 9. Qxc4 b5 10. Qc2 Bb7 11. Ne5 Bxg2 12. Kxg2 Nxe5 13. dxe5 Nd7 14. Nc3 c5
15. e4 Qc7 16. f4 c4 17. Be3 Rfd8 18. Qf2 Nc5 19. Bxc5 Bxc5 20. Qf3 Rxd1 21.
Rxd1 Rd8 22. g4 b4 23. Nb1 h6 24. Qe2 Rxd1 25. Qxd1 g5 26. Qc2 gxf4 27. Nd2
Qxe5 28. Nxc4 Qd4 29. Kf3 e5 30. b3 f6 31. Qd2 Qg1 32. Qd5+ Kg7 33. Qd7+ Kg8
34. Qd8+ Kf7 35. Qd7+ Kf8 36. Qd8+ Kf7 37. Qd7+ 1/2-1/2

[Event "Agen_2017-Accession"]
[Site "Agen"]
[Date "2017.08.19"]
[Round "4.27"]
[White "O'Sullivan, Thomas"]
[Black "Ollier, Milan"]
[Result "1/2-1/2"]
[WhiteElo "2238"]
[BlackElo "2253"]
[PlyCount "110"]
[EventDate "2017.08.??"]
[EventType "swiss"]
[EventRounds "9"]
[EventCountry "FRA"]
[WhiteTeam "Cercle d'Echecs de Villepinte"]
[BlackTeam "Echiquier Médocain"]

1. d4 Nf6 2. c4 g6 3. f3 d5 4. cxd5 Nxd5 5. e4 Nb6 6. Nc3 Bg7 7. Be3 O-O 8. Qd2
Nc6 9. O-O-O f5 10. e5 Nb4 11. Nh3 Be6 12. Kb1 a5 13. a3 Bb3 14. Rc1 Kh8 15. g3
N6d5 16. Nf4 Nxe3 17. Qxe3 c6 18. h4 Bh6 19. Nxg6+ Kg7 20. Nf4 Bxf4 21. Qxf4 b5
22. Rh2 Kh8 23. Rd2 Nd5 24. Nxd5 Bxd5 25. Bd3 e6 26. g4 fxg4 27. Qh6 Qe7 28.
fxg4 a4 29. g5 Qg7 30. Qxg7+ Kxg7 31. h5 Rf4 32. Be2 Raf8 33. Rg1 Rf2 34. Kc1
R8f4 35. Bd3 R2f3 36. h6+ Kh8 37. g6 hxg6 38. Bxg6 Bb3 39. Bc2 Rh3 40. Rdg2
Bxc2 41. Rxc2 Rxd4 42. Rxc6 Rxh6 43. Rc8+ Kh7 44. Rc7+ Kh8 45. Rc5 b4 46. Rc8+
Kh7 47. Rc7+ Kh8 48. axb4 Rxb4 49. Rc8+ Kh7 50. Rc7+ Kh8 51. Rd1 Rb8 52. Re7
Rh2 53. Rdd7 Rh1+ 54. Kc2 Rh2+ 55. Kc1 Rh1+ 1/2-1/2

[Event "Agen_2017-Accession"]
[Site "Agen"]
[Date "2017.08.19"]
[Round "4.28"]
[White "Favarel, Julien"]
[Black "Lanteri, Nicolas"]
[Result "1-0"]
[WhiteElo "2247"]
[BlackElo "2037"]
[PlyCount "79"]
[EventDate "2017.08.??"]
[EventType "swiss"]
[EventRounds "9"]
[EventCountry "FRA"]
[WhiteTeam "Bordeaux ASPOM Echecs"]
[BlackTeam "C.E.M.C. Monaco"]

1. e4 e6 2. d4 d5 3. exd5 exd5 4. Nf3 Bd6 5. c4 dxc4 6. Bxc4 Nf6 7. O-O O-O 8.
h3 Bf5 9. Nc3 h6 10. Ne5 Bxe5 11. dxe5 Qxd1 12. Rxd1 Nfd7 13. f4 Nb6 14. Bb3
Nc6 15. Nb5 Rfc8 16. Be3 a6 17. Nxc7 Rxc7 18. Bxb6 Rd7 19. a3 h5 20. Rxd7 Bxd7
21. Rd1 Bf5 22. Rd6 Re8 23. Kh2 Re7 24. Kg3 Rd7 25. Rxd7 Bxd7 26. Kh4 g6 27.
Kg5 Kg7 28. g4 hxg4 29. hxg4 Be6 30. Bc2 Bd5 31. Bd3 Ne7 32. Bc5 Nc6 33. Bb6
Ne7 34. Bd4 Nc6 35. Bc3 Kf8 36. Kf6 Bf3 37. Bc4 Bxg4 38. Bxf7 g5 39. fxg5 a5
40. g6 1-0

[Event "Agen_2017-Accession"]
[Site "Agen"]
[Date "2017.08.19"]
[Round "4.29"]
[White "Boyer, Mahel"]
[Black "De Lussac, Rainier"]
[Result "1-0"]
[WhiteElo "2207"]
[BlackElo "2149"]
[PlyCount "63"]
[EventDate "2017.08.??"]
[EventType "swiss"]
[EventRounds "9"]
[EventCountry "FRA"]
[WhiteTeam "Echiquier Nîmois"]
[BlackTeam "Chevau-légers de la Choisille"]

1. e4 c6 2. d4 d5 3. f3 dxe4 4. fxe4 e5 5. Nf3 Bg4 6. Bc4 Nd7 7. O-O Ngf6 8. c3
Be7 9. Qb3 O-O 10. Qxb7 Bxf3 11. gxf3 exd4 12. Qxc6 Rc8 13. Qb5 Rc5 14. Qb3 Ne5
15. Bb5 a6 16. Bxa6 Qd6 17. cxd4 Rxc1 18. Rxc1 Qxd4+ 19. Kf1 Nxe4 20. fxe4 Bh4
21. Qc2 Ng4 22. Qe2 Ne3+ 23. Kg1 f5 24. Qd3 Qb6 25. Qb3+ Qxb3 26. axb3 fxe4 27.
Bb7 Rf2 28. Ra8+ Kf7 29. Bxe4 Rxb2 30. Nc3 Ng4 31. Rc2 Bf2+ 32. Kh1 1-0

[Event "Agen_2017-Accession"]
[Site "Agen"]
[Date "2017.08.19"]
[Round "4.30"]
[White "Giacomini, Hector"]
[Black "Suez-Panama, Gilles"]
[Result "1-0"]
[WhiteElo "2226"]
[BlackElo "2078"]
[PlyCount "81"]
[EventDate "2017.08.??"]
[EventType "swiss"]
[EventRounds "9"]
[EventCountry "FRA"]
[WhiteTeam "Echiquier Tourangeau"]
[BlackTeam "Arsenal"]

1. Nf3 Nf6 2. d4 g6 3. c4 Bg7 4. Nc3 O-O 5. e4 d6 6. Be2 e5 7. O-O Na6 8. dxe5
dxe5 9. Be3 Ng4 10. Bg5 Qe8 11. h3 h6 12. Bd2 Nf6 13. Be3 c6 14. Qd6 Nh5 15.
Rfd1 Qe6 16. a3 Re8 17. b4 Nf4 18. Bf1 Qxd6 19. Rxd6 Nc7 20. Kh2 Be6 21. g3 Nh5
22. Be2 Bf8 23. Rdd1 f6 24. Nd2 b6 25. Rab1 Red8 26. a4 Bf7 27. b5 cxb5 28.
axb5 Ne6 29. Nd5 Kg7 30. Nb3 Bc5 31. Ra1 Bxe3 32. fxe3 Ng5 33. g4 Nxe4 34. gxh5
Bxd5 35. Rxd5 Rxd5 36. cxd5 g5 37. Rc1 Nd6 38. Rc7+ Nf7 39. Bg4 Kf8 40. Be6 Nd6
41. Rh7 1-0

[Event "Agen_2017-Accession"]
[Site "Agen"]
[Date "2017.08.19"]
[Round "4.31"]
[White "Pottier, Alexandre"]
[Black "Gardet, Thomas"]
[Result "1/2-1/2"]
[WhiteElo "2127"]
[BlackElo "2007"]
[PlyCount "106"]
[EventDate "2017.08.??"]
[EventType "swiss"]
[EventRounds "9"]
[EventCountry "FRA"]
[WhiteTeam "C.E. de Rueil Malmaison"]
[BlackTeam "Echecs Club de Petit Bourg"]

1. Nf3 Nf6 2. e3 g6 3. b3 Bg7 4. Bb2 O-O 5. c4 c6 6. Be2 d5 7. O-O Nbd7 8. Na3
Re8 9. cxd5 cxd5 10. Qc2 a6 11. d4 Nb8 12. Rac1 Nc6 13. Ne5 Nxe5 14. dxe5 Ng4
15. Bxg4 Bxg4 16. Qc7 Qd7 17. Qxd7 Bxd7 18. Rfd1 Be6 19. f4 Rac8 20. Nc2 Bf5
21. Nd4 Bg4 22. Nf3 Rxc1 23. Rxc1 Rc8 24. Rxc8+ Bxc8 25. Kf2 Bf5 26. Ke2 f6 27.
exf6 exf6 28. Bd4 Kf7 29. Kd2 Be4 30. Ne1 h5 31. g3 Bf8 32. Nd3 Ke6 33. Nf2 Bf3
34. Kc3 Bd6 35. b4 Be2 36. a3 g5 37. Bb6 h4 38. Kd4 hxg3 39. hxg3 Bb8 40. Bc5
Bc7 41. Kc3 Bb5 42. Bd4 Bd6 43. Ng4 Be7 44. Nh6 f5 45. g4 fxg4 46. f5+ Kd7 47.
Nxg4 Be2 48. Ne5+ Ke8 49. Kd2 Bh5 50. Kd3 Bf6 51. e4 Bxe5 52. Bxe5 Bf3 53. exd5
Bxd5 1/2-1/2

[Event "Agen_2017-Accession"]
[Site "Agen"]
[Date "2017.08.19"]
[Round "5.7"]
[White "Guidez, Yann-Michael"]
[Black "Housieaux, David"]
[Result "1/2-1/2"]
[WhiteElo "2271"]
[BlackElo "2409"]
[PlyCount "129"]
[EventDate "2017.08.??"]
[EventType "swiss"]
[EventRounds "9"]
[EventCountry "FRA"]
[WhiteTeam "Echiquier Bordelais"]
[BlackTeam "A.J.E. Noyon"]

1. e4 e6 2. d4 d5 3. exd5 exd5 4. Bd3 Nc6 5. c3 Bd6 6. Nf3 Nge7 7. O-O Bg4 8.
Nbd2 Qd7 9. b4 O-O 10. Re1 Bf5 11. Nb3 Bxd3 12. Qxd3 Ng6 13. Nc5 Qc8 14. g3 b6
15. Na6 Qg4 16. Kg2 Nce7 17. h3 Qf5 18. Qxf5 Nxf5 19. a4 Rac8 20. h4 h5 21. Bd2
f6 22. Ng1 Kf7 23. Nh3 Rfe8 24. Rxe8 Rxe8 25. Re1 Rxe1 26. Bxe1 c6 27. Kf3 Ke6
28. Ke2 Kd7 29. Bd2 Kc8 30. b5 Kb7 31. Kd3 Ba3 32. Nf4 Nxf4+ 33. Bxf4 Bd6 34.
Bxd6 Nxd6 35. Nb4 cxb5 36. axb5 Nxb5 37. Nxd5 a5 38. Nf4 Nd6 39. Nxh5 Ne8 40.
Nf4 Kc6 41. h5 Kd6 42. c4 f5 43. Nd5 b5 44. Ne3 bxc4+ 45. Nxc4+ Kd5 46. Nxa5
Nf6 47. Nc4 Nxh5 48. Ne3+ Ke6 49. Kc4 f4 50. Nf1 fxg3 51. Nxg3 Nf4 52. Ne4 Kf5
53. Nc5 g5 54. Nd3 Nh5 55. d5 Ke4 56. Nc5+ Ke5 57. Nd3+ Ke4 58. d6 Nf6 59. Nc5+
Ke5 60. d7 Nxd7 61. Nxd7+ Ke4 62. Nc5+ Kf3 63. Nd3 g4 64. Ne5+ Kxf2 65. Nxg4+
1/2-1/2

[Event "Agen_2017-Accession"]
[Site "Agen"]
[Date "2017.08.19"]
[Round "5.8"]
[White "Sanchez, Louis"]
[Black "Duboue, Peio"]
[Result "0-1"]
[WhiteElo "2240"]
[BlackElo "2403"]
[PlyCount "120"]
[EventDate "2017.08.??"]
[EventType "swiss"]
[EventRounds "9"]
[EventCountry "FRA"]
[WhiteTeam "Clichy-Echecs-92"]
[BlackTeam "Echiquier de l'Erdre"]

1. Nf3 d5 2. g3 g6 3. Bg2 Bg7 4. d4 Nh6 5. O-O Nf5 6. c3 Nd7 7. Nbd2 Nd6 8. Re1
Nf6 9. Ne5 O-O 10. Ndf3 Nfe4 11. Nd3 c6 12. Bf4 Re8 13. Nd2 f6 14. Nxe4 Nxe4
15. Qb3 Kh8 16. Rad1 Qb6 17. Be3 Nd6 18. h3 e5 19. dxe5 Qxb3 20. axb3 fxe5 21.
Ra1 a6 22. Bc5 Nf7 23. e4 dxe4 24. Rxe4 Ng5 25. Re3 Bxh3 26. Rae1 Bxg2 27. Kxg2
e4 28. Nf4 Kg8 29. Nh3 Nxh3 30. Kxh3 Re5 31. Bd6 Rd5 32. Bf4 g5 33. Bc7 Rc8 34.
Bb6 Rb5 35. Bd4 Bxd4 36. cxd4 Re8 37. Kg4 h6 38. Kh5 Kg7 39. Rxe4 Rxe4 40. Rxe4
Rxb3 41. Re7+ Kf6 42. Re8 Rxb2 43. Kxh6 a5 44. Rf8+ Ke6 45. Kxg5 a4 46. f4 a3
47. f5+ Kd5 48. Ra8 a2 49. f6 Ke6 50. g4 Rf2 51. Re8+ Kf7 52. Ra8 b5 53. Ra7+
Ke6 54. f7 Rxf7 55. Rxa2 Kd5 56. Rd2 b4 57. Rb2 Rb7 58. Kf6 Kxd4 59. g5 b3 60.
g6 Kc3 0-1

[Event "Agen_2017-Accession"]
[Site "Agen"]
[Date "2017.08.19"]
[Round "5.9"]
[White "Philippe, Guillaume"]
[Black "Gatineau, Yovann"]
[Result "1-0"]
[WhiteElo "2364"]
[BlackElo "2281"]
[PlyCount "55"]
[EventDate "2017.08.??"]
[EventType "swiss"]
[EventRounds "9"]
[EventCountry "FRA"]
[WhiteTeam "L'Echiquier Chalonnais"]
[BlackTeam "Mulhouse Philidor"]

1. e4 e5 2. Nf3 Nf6 3. d3 Nc6 4. Be2 Be7 5. O-O O-O 6. c3 d5 7. Nbd2 Re8 8. b4
a6 9. a3 Bf8 10. Re1 h6 11. Bb2 b5 12. Qc2 Bb7 13. Bf1 Qd7 14. Rad1 Rad8 15. g3
Qe6 16. Bg2 dxe4 17. dxe4 Rd7 18. c4 Red8 19. cxb5 axb5 20. Bf1 Nd4 21. Nxd4
exd4 22. Bxb5 d3 23. Qc4 Qxc4 24. Nxc4 Nxe4 25. Bxd7 Rxd7 26. Ne5 Ng5 27. Re3
Rd8 28. h4 1-0

[Event "Agen_2017-Accession"]
[Site "Agen"]
[Date "2017.08.19"]
[Round "5.10"]
[White "Rodriguez, Adrien"]
[Black "Pucher, Sebastien"]
[Result "1-0"]
[WhiteElo "2252"]
[BlackElo "2360"]
[PlyCount "81"]
[EventDate "2017.08.??"]
[EventType "swiss"]
[EventRounds "9"]
[EventCountry "FRA"]
[WhiteTeam "Lutèce Echecs"]
[BlackTeam "Club d'Echecs Metz Fischer"]

1. d4 d5 2. c4 dxc4 3. Nc3 a6 4. e3 Nf6 5. Nf3 b5 6. a4 b4 7. Nb1 Be6 8. Nbd2
c5 9. Bxc4 Bxc4 10. Nxc4 Nc6 11. a5 Ra7 12. Qa4 Rc7 13. O-O e6 14. e4 Nxe4 15.
Bf4 Nd6 16. Nb6 Nb5 17. Bxc7 Qxc7 18. d5 Nd8 19. Rfc1 Qb7 20. Rd1 Be7 21. dxe6
Nxe6 22. Rd7 Qb8 23. Re1 Bd8 24. Ne5 O-O 25. Qa2 Nbd4 26. Qd5 Bxb6 27. axb6
Qxb6 28. Rd6 Qb5 29. Qc4 Qb7 30. Qxa6 Qe7 31. Rd7 Qg5 32. Qd3 Nf4 33. Qe4 Re8
34. Ra7 h6 35. Ra8 Rxa8 36. Qxa8+ Kh7 37. Nxf7 Qf5 38. Qh8+ Kg6 39. Ne5+ Kg5
40. Qxg7+ Kh4 41. Qxh6+ 1-0

[Event "Agen_2017-Accession"]
[Site "Agen"]
[Date "2017.08.19"]
[Round "5.11"]
[White "Lamard, Guillaume"]
[Black "Micottis, Dorian"]
[Result "1/2-1/2"]
[WhiteElo "2347"]
[BlackElo "2271"]
[PlyCount "93"]
[EventDate "2017.08.??"]
[EventType "swiss"]
[EventRounds "9"]
[EventCountry "FRA"]
[WhiteTeam "Cannes Echecs"]
[BlackTeam "Club d'Echecs Metz Fischer"]

1. d4 Nf6 2. c4 g6 3. Nc3 d5 4. Bg5 Bg7 5. e3 c5 6. Nf3 cxd4 7. Nxd4 dxc4 8.
Bxc4 O-O 9. O-O Bd7 10. Qe2 Nc6 11. Nxc6 Bxc6 12. e4 Qa5 13. Bd2 Qh5 14. f3 e6
15. Be3 Rfd8 16. Rfd1 Nd7 17. Qf2 Qa5 18. Rac1 Nb6 19. Bf1 Rxd1 20. Rxd1 Na4
21. Nxa4 Qxa4 22. b3 Qa5 23. a4 h5 24. Bc4 a6 25. Bb6 Qc3 26. Qd2 Qxd2 27. Rxd2
Kf8 28. Kf2 Ke8 29. Ra2 Bf6 30. Ke3 Rc8 31. f4 Bd8 32. Bd4 Ba5 33. f5 exf5 34.
exf5 gxf5 35. Rf2 Bd7 36. Bd5 Bc7 37. g3 b5 38. Bb7 Rb8 39. Bxa6 bxa4 40. bxa4
Rb4 41. Rc2 f4+ 42. gxf4 Bxf4+ 43. Kxf4 Rxd4+ 44. Kg5 Rxa4 45. Be2 h4 46. Rc4
Rxc4 47. Bxc4 1/2-1/2

[Event "Agen_2017-Accession"]
[Site "Agen"]
[Date "2017.08.19"]
[Round "5.12"]
[White "Midoux, Sebastien"]
[Black "Bilquez, Romain"]
[Result "1-0"]
[WhiteElo "2321"]
[BlackElo "2219"]
[PlyCount "84"]
[EventDate "2017.08.??"]
[EventType "swiss"]
[EventRounds "9"]
[EventCountry "FRA"]
[WhiteTeam "CE Vitrolles"]
[BlackTeam "Nogent le Roi"]

1. e4 e6 2. d4 d5 3. Nd2 c5 4. Ngf3 cxd4 5. Nxd4 Nc6 6. Bb5 Bd7 7. Nxc6 Bxc6 8.
Bxc6+ bxc6 9. c4 Nf6 10. Qa4 Qd7 11. e5 Ng8 12. O-O c5 13. Qc2 Ne7 14. cxd5
Nxd5 15. Ne4 Nb4 16. Qb3 Qd5 17. Qa4+ Qc6 18. Qxc6+ Nxc6 19. f4 Nd4 20. Rf2 Rc8
21. b3 Be7 22. Ba3 f5 23. exf6 gxf6 24. Rc1 f5 25. Nxc5 Nb5 26. Nxe6 Rxc1+ 27.
Bxc1 Kd7 28. Bb2 Rc8 29. Re2 Rc6 30. Ng7 Bc5+ 31. Kf1 Rd6 32. Rc2 Rd5 33. Nh5
Rd1+ 34. Ke2 Rb1 35. Be5 Bb6 36. Rd2+ Kc6 37. Ng7 Rg1 38. Kf3 Rf1+ 39. Kg3 Ba5
40. Rc2+ Kd5 41. Nxf5 Be1+ 42. Kg4 Na3 1-0

[Event "Agen_2017-Accession"]
[Site "Agen"]
[Date "2017.08.19"]
[Round "5.13"]
[White "Trouve, Guillaume"]
[Black "Le Hetet, Nicolas"]
[Result "1/2-1/2"]
[WhiteElo "2214"]
[BlackElo "2317"]
[PlyCount "83"]
[EventDate "2017.08.??"]
[EventType "swiss"]
[EventRounds "9"]
[EventCountry "FRA"]
[WhiteTeam "Mulhouse Philidor"]
[BlackTeam "Echiquier Agenais"]

1. e4 c5 2. Nf3 Nc6 3. Bb5 g6 4. O-O Bg7 5. c3 Nf6 6. Re1 O-O 7. h3 Qb6 8. Ba4
Rd8 9. d4 d5 10. e5 Ne4 11. Bb3 cxd4 12. cxd4 Nxe5 13. dxe5 Qxf2+ 14. Kh2 Bxh3
15. Qe2 Qg3+ 16. Kg1 Bg4 17. Nbd2 Bxe5 18. Nf1 Bxf3 19. Nxg3 Bxe2 20. Nxe4 Bc4
21. Bxc4 dxc4 22. Nc3 Bd4+ 23. Be3 e5 24. Rad1 a6 25. Kf2 b5 26. a3 f6 27. Bxd4
exd4 28. Ne4 Kf7 29. g4 Rd5 30. Nc3 Rd7 31. Re4 Rad8 32. Ne2 d3 33. Nc3 Rb7 34.
Rh1 Kg7 35. Re6 a5 36. Ne4 b4 37. axb4 axb4 38. Nd6 Rbd7 39. Nxc4 Rd4 40. Re7+
Kf8 41. Rhxh7 Rxc4 42. Rhf7+ 1/2-1/2